000 00275nam a22001217a 4500
008 181030b xxu||||| |||| 00| 0 eng d
041 _aeng
080 _a610
100 _a4
101 _aSHM
245 _aManagement of Diabetes Mellitus
_cSchwarta, Sh. L
942 _2udc
_cBK
999 _c51109
_d51109